A kognitív tudomány flörtje és civakodós házasságai a filozófiával: Wundt köpenyéből bújnának ki Fodor moduljai?
Elmentve itt :
| Szerző: | |
|---|---|
| Adatforrás: | Philobibl |
| Forrásdokumentuma: | Világosság 50.2009:nyár p. 55-65. |
| Dokumentumtípus: | Cikk |
| Nyelv: | magyar |
| Kulcsszavak: | megismerés Wundt Brentano Frege kognitív tudomány |
| LEADER | 00505nab a2200157 c 4500 | ||
|---|---|---|---|
| 001 | bibPHI0035699 | ||
| 005 | 20200924123525.6 | ||
| 008 | 091028s2009 hu hun | ||
| 100 | 1 | |a Pléh Csaba | |
| 245 | 1 | 2 | |a A kognitív tudomány flörtje és civakodós házasságai a filozófiával: Wundt köpenyéből bújnának ki Fodor moduljai? |c Pléh Csaba |
| 695 | |a megismerés | ||
| 695 | |a Wundt | ||
| 695 | |a Brentano | ||
| 695 | |a Frege | ||
| 695 | |a kognitív tudomány | ||
| 773 | 0 | |t Világosság |g 50.2009:nyár p. 55-65. | |